Top 50 meilleurs footballeurs du XXIe siècle - Statistiques

Statistiques générales
  • Ce quiz a été pris 347 fois
  • Le résultat moyen est 33 sur 50
Statistiques - réponses
Pays Réponse % Correct
1 Argentine Messi
100%
2 Portugal Ronaldo
100%
4 Brésil Ronaldo
100%
3 France Zidane
97%
47 France Mbappé
94%
20 Brésil Neymar
91%
5 Espagne Iniesta
89%
11 Croatie Modric
89%
12 Espagne Xavi
87%
7 Brésil Ronaldinho
85%
14 Uruguay Suarez
84%
13 France Benzema
80%
21 Belgique De Bruyne
79%
10 France Henry
79%
6 Allemagne Neuer
79%
40 Egypte Salah
79%
49 Pays de Galles Bale
78%
17 Cameroun Eto'o
76%
45 Belgique Hazard
76%
22 Pologne Lewandowski
76%
8 Italie Maldini
76%
36 Côte d'Ivoire Drogba
75%
9 Espagne Ramos
75%
16 Italie Buffon
74%
41 Suède Ibrahimovic
74%
30 France Griezmann
72%
37 Allemagne Müller
68%
48 Belgique Courtois
61%
31 Espagne Casillas
59%
25 Allemagne Kroos
58%
32 Italie Cannavaro
56%
28 Brésil Kaka
56%
33 Allemagne Lahm
55%
19 Italie Pirlo
54%
44 France Ribery
54%
38 Pays-bas Robben
54%
23 Portugal Figo
52%
39 Espagne Puyol
52%
18 Brésil Roberto Carlos
52%
27 Ukraine Shevchenko
52%
34 Brésil Marcelo
51%
46 Argentine Di Maria
48%
15 Brésil Cafu
42%
42 Italie Del Piero
39%
26 Italie Nesta
37%
43 Angleterre Lampard
36%
24 Espagne Raul
34%
35 France Vieira
29%
50 Brésil Thiago Silva
15%
29 Espagne Sergio Busquets
3%
Aucun quiz correspondant
Distribution des résultats
% des personnes avec chaque résultat
Percentile par nombre de réponses
Votre historique - résultats
Vous n’avez pas pris ce quiz